00934nam a22002055i 4500001000700000003000900007005001700016008004100033040002000074100002300094245017500117260010700292300002200399490008200421650003400503700002100537700002200558830008200580852006600662162368ES-MaACL20250903021743.0041108s1899 fr |||| | fre d aCAM bspa cCAM0 aPoincaré, Henri.10aThéorie du potentiel newtonien b: leçons professées pendant le premier semestre 1894-1895 / cpar H. Poincaré ; rédigées par Edouard Le Roy, Georges Vincent. aParis : bGauthier-Villars, imprimeur-libraire, c1899 (eEvreux : fImprimerie de Charles Hérissey) a366 p. ; c25 cm.1 aCours de la Faculté des Sciences de Paris. Cours de physique mathématique 7aTeoría del potencial2embne0 aLe Roy, Edouard.1 aVincent, Georges.0 aCours de la Faculté des Sciences de Paris. Cours de physique mathématique aES-MaACLjG-5855 z-- Enc. hol., conservando la cub. original